Beavis and Butt-Head Do the Universe / (Record no. 22626)

000 -LEADER
fixed length control field 00905nam a22002057a 4500
003 - CONTROL NUMBER IDENTIFIER
control field OSt
005 - DATE AND TIME OF LATEST TRANSACTION
control field 20260416131550.0
008 - FIXED-LENGTH DATA ELEMENTS--GENERAL INFORMATION
fixed length control field 260416b xxu||||| |||| 00| 0 eng d
040 ## - CATALOGING SOURCE
Transcribing agency Cagayn State University
245 ## - TITLE STATEMENT
Title Beavis and Butt-Head Do the Universe /
Statement of responsibility, etc directed by Albert Calleros, Geoffrey Johnson, and John Rice ; written by Mike Judge, Lew Morton, and Guy Maxtone-Graham.
300 ## - PHYSICAL DESCRIPTION
Extent 1 video file (86 minutes)
Other physical details sound, color.
500 ## - GENERAL NOTE
General note Summary is taken from IMDB.com.
520 ## - SUMMARY, ETC.
Summary, etc After a "creative" judge sentences them to space camp, a black hole sends our adolescent heroes 24 years into the modern future where the duo misuse iPhones, embark on a quest to score, and become targets of the Deep State.
521 ## - TARGET AUDIENCE NOTE
Target audience note primarily adults.
546 ## - LANGUAGE NOTE
Language note In English subitle.
650 ## - SUBJECT ADDED ENTRY--TOPICAL TERM
Topical term or geographic name as entry element Time Travel
655 ## - INDEX TERM--GENRE/FORM
Genre/form data or focus term Science Fiction
700 ## - ADDED ENTRY--PERSONAL NAME
Personal name Cole, Gary, star.
942 ## - ADDED ENTRY ELEMENTS (KOHA)
Source of classification or shelving scheme
Koha item type Audio-Visual Materials

No copies available.

Cagayan State University University Library, Carig Campus
Tuguegarao City, Cagayan 3500 | www.csucarig.edu.ph

Powered by Koha